|
|
|
|
| LEADER |
00000nab a2200000 a 4500 |
| 001 |
vtls000708877 |
| 003 |
SK-MaSNL |
| 005 |
20260318121905.0 |
| 008 |
240612c1999 xo 0 sla |
| 015 |
|
|
|a SNBRB2000/01-01123
|
| 035 |
|
|
|a CLN000061044
|
| 040 |
|
|
|a SNKBUCL
|b slo
|c SNKBUCL
|e AACR2
|
| 041 |
0 |
|
|a sla
|a rue
|
| 044 |
|
|
|a xo
|c SK
|
| 080 |
|
|
|a 793.31:784.4
|2 UDC-MRF-SK2
|
| 080 |
|
|
|a 784.4
|2 UDC-MRF-SK2
|
| 100 |
1 |
|
|a Tarča, Vladimir
|4 aut
|9 765470
|
| 245 |
1 |
0 |
|a Pjať rokiv spivať i tancjuje Kamjana
|c Vladimir Tarča
|
| 610 |
|
7 |
|a Kamenná (folklórny súbor : Medzilaborce, Slovensko)
|y 1994-1999
|2 snkbucl
|9 1588146
|
| 651 |
|
7 |
|a Medzilaborce (Slovensko : okres)
|2 snkbucl
|9 29394
|
| 655 |
|
7 |
|a články z novín a časopisov
|2 snkbucl
|9 267496
|
| 773 |
0 |
|
|t Narodny novynky
|g Roč. 9, č. 46 (1999), s. 2
|
| 850 |
|
|
|a Slovenská národná knižnica v Martine
|
| 852 |
|
|
|a SNK
|b KIS3GCP
|
| 958 |
|
|
|a RBX
|
| 999 |
|
|
|c 3255050
|d 3256980
|